000 00374nam a2200145Ia 4500
008 151213s9999 xx 000 0 und d
100 _aD. H. Lawrence
245 _aStudy In Classic American Literature
_cD. H. Lawrence
260 _aU S A
_bPenguin Book
_c1977
300 _a3514 p.
650 _aEnglish
650 _aEnglish
700 _aD. H. Lawrence
999 _c2322
_d2322